Peter Norton's new inside the PC / (Record no. 4527)
[ view plain ]
| 000 -LEADER | |
|---|---|
| fixed length control field | 00702cam a22002292 4500 |
| 001 - CONTROL NUMBER | |
| control field | 0000024391 |
| 005 - DATE AND TIME OF LATEST TRANSACTION | |
| control field | 20151217145948.0 |
| 008 - FIXED-LENGTH DATA ELEMENTS--GENERAL INFORMATION | |
| fixed length control field | 130911s xx 000 0 eng d |
| 020 ## - INTERNATIONAL STANDARD BOOK NUMBER | |
| International Standard Book Number | 0672322897 : |
| 040 ## - CATALOGING SOURCE | |
| Original cataloging agency | KABU |
| Transcribing agency | KABU |
| 100 1# - MAIN ENTRY--PERSONAL NAME | |
| Personal name | Norton, Peter. |
| -- | 0000153923 |
| 245 10 - TITLE STATEMENT | |
| Title | Peter Norton's new inside the PC / |
| Statement of responsibility, etc. | Peter Norton and Scott H. A. Clark. |
| 250 ## - EDITION STATEMENT | |
| Edition statement | 1st ed. |
| 260 ## - PUBLICATION, DISTRIBUTION, ETC. (IMPRINT) | |
| Place of publication, distribution, etc. | Indianapolis : |
| Name of publisher, distributor, etc. | Sams, |
| Date of publication, distribution, etc. | 2002. |
| 300 ## - PHYSICAL DESCRIPTION | |
| Extent | 625 p. |
| 650 #0 - SUBJECT ADDED ENTRY--TOPICAL TERM | |
| Topical term or geographic name as entry element | IBM microcomputers. |
| -- | 0000184446 |
| 650 #0 - SUBJECT ADDED ENTRY--TOPICAL TERM | |
| Topical term or geographic name as entry element | IBM personal computers. |
| -- | 0000184447 |
| 700 1# - ADDED ENTRY--PERSONAL NAME | |
| Personal name | Clark, Scott H. A. |
| -- | 0000184448 |
| 852 1# - LOCATION | |
| -- | p5270 KES |
| 908 ## - PUT COMMAND PARAMETER (RLIN) | |
| Put command parameter | 130911 |
| 950 ## - LOCAL HOLDINGS (RLIN) | |
| -- | 1 |
| Withdrawn status | Lost status | Source of classification or shelving scheme | Not for loan | Home library | Current library | Date acquired | Total Checkouts | Full call number | Barcode | Date last seen | Date last checked out | Copy number | Price effective from | Koha item type | Shelving location | Cost, normal purchase price |
|---|---|---|---|---|---|---|---|---|---|---|---|---|---|---|---|---|
| Library of Congress Classification | Kabarak, Main Campus | Kabarak, Main Campus | 17/12/2015 | 3 | QA76.8 .N67 2002 c. 1 | 016139 | 06/08/2016 | 20/07/2016 | c.1 | 17/12/2015 | General Collection | |||||
| Library of Congress Classification | Kabarak, Main Campus | Kabarak, Main Campus | 29/09/2016 | QA76.8 .N67 2002 c. 2 | 026820 | 29/09/2016 | c.2 | 29/09/2016 | General Collection | General Stacks | 12.00 | |||||
| Library of Congress Classification | Kabarak, Main Campus | Kabarak, Main Campus | 29/09/2016 | QA76.8 .N67 2002 c. 3 | 026819 | 29/09/2016 | c.3 | 29/09/2016 | General Collection | General Stacks | 12.00 | |||||
| Library of Congress Classification | Kabarak, Main Campus | Kabarak, Main Campus | 29/09/2016 | QA76.8 .N67 2002 c. 4 | 026818 | 29/09/2016 | c.4 | 29/09/2016 | General Collection | General Stacks | 12.00 | |||||
| Library of Congress Classification | Kabarak, Main Campus | Kabarak, Main Campus | 29/09/2016 | QA76.8 .N67 2002 c. 5 | 026817 | 29/09/2016 | c.5 | 29/09/2016 | General Collection | General Stacks | 12.00 |